Normal view
MARC view
Entry Topical Term
001 - CONTROL NUMBER
- control field: 15953
003 - CONTROL NUMBER IDENTIFIER
- control field: BD-RjUL
005 - DATE AND TIME OF LATEST TRANSACTION
- control field: 20250709123733.0
008 - FIXED-LENGTH DATA ELEMENTS
- fixed length control field: 250709|| aca||aabn | a|a d
040 ## - CATALOGING SOURCE
- Original cataloging agency: BD-RjUL
- Transcribing agency: BD-RjUL
150 ## - HEADING--TOPICAL TERM
- Topical term or geographic name entry element: Urdu
- Form subdivision: History and criticism
670 ## - SOURCE DATA FOUND
- Source citation: Work cat.: (BD-RjUL)85158: Azīm., Sayyid Vaqār ;; عظىم، سىّد وقار 15952, ہمارى داستانىں / Hamārī dāstānen̲ / , 1980